LEADER 01301nam a2200253 i 4500 001 000000054269 003 CaOOAMICUS 005 20130903000000.0 008 130903s1965 it u000 u ita u 013 $a25441 040 $aSeMil$bita 100 1 $aDi Rienzo, Cirillo .$0(OLS)http://semarc/name/26976 245 13$aLa direzione spirituale negli scritti di S. Teresa d'Avila :$bestratto della Tesi di laurea /$cPontificia Universitas Lateranensis Facultas S. Theologiae ; P. Cirillo Di Rienzo O.C.D. 260 $aRoma :$bPontificia Universitas Lateranensis,$c1965. 300 $a61 p. ;$c25 cm. 500 $aContiene : Breve bibliografia. 600 04$aTeresa : d'Avila .$0(OLS)http://semarc/subject/1985 650 4$aTesi di laurea.$0(OLS)http://semarc/subject/1690 650 4$aDirezione spirituale.$0(OLS)http://semarc/subject/2829 710 2 $aPontificia Universitas Lateranensis .$0(OLS)http://semarc/name/2847 850 $aSeMil 852 $aSeMil$W1$xVenegono$y1$m2I I 416$j20423$B20423$CSeMilBibl$Z2$F20425 $81 996 $6245$aLa direzione spirituale negli scritti di S. Teresa d'Avila :$bestratto della Tesi di laurea$9(OLS)http://semarc/title/83962 996 $6260$aRoma :$bPontificia Universitas Lateranensis$9(OLS)http://semarc/publisher/32191 LEADER 01088nam a2200265 i 4500 001 000000132907 003 CaOOAMICUS 005 20041221000000.0 008 041221s1972 it u000 u ita u 013 $a105924 040 $aSeMil$bita 245 10$aGenesi /$cversione, introduzione, note di Emanuele Testa. 260 $aRoma :$bPaoline,$c1972. 300 $a436 p. ;$c18 cm. 490 0 $aNuovissima versione della Bibbia dai testi originali ;$v1 500 $aFondo Card. C.M. Martini. 650 4$aBibbia. Antico Testamento. Genesi - Commentari, studi, critica, interpretazioni.$0(OLS)http://semarc/subject/344 700 1 $aTesta, Emanuele.$0(OLS)http://semarc/name/54657 830 0$aNuovissima versione della Bibbia dai testi originali ;$v1.$0(OLS)http://semarc/title/16888 850 $aSeMil 852 $aSeMil$W1$xVenegono$y1$m2V I 161$j86795$B86795$CSeMilBibl$Z2$F91448 $81 941 1 $a4 961 $aOmaggio: Martini Card. Carlo Maria 996 $6245$aGenesi$9(OLS)http://semarc/title/47313 996 $6260$aRoma :$bPaoline$9(OLS)http://semarc/publisher/29686